00792nam a2200205 i 450000100060000000300090000600500170001500700030003200800410003510000380007624501340011426000580024830000500030649000090035670000340036583000170039985200320041699900170044895201210046551809ES-MaACL20230906162437.0t|030819s1944 sp ||||1| spa d1 aDanzas, Julia Nicolaievna.94268013aLa emperatriz trágica b: (la agonía del zarismo ruso) / cJulia Nicolaievna Danzas ; [traducción de Pedro Fraga de Porto]. aMadrid : bMorata, c[1944] (fImp. Gráf. España) a388 p., 1 gráf. pleg., 12 lám. ; c20 cm.1 aLike1 aFraga de Porto, Pedro.9520710 aLike9230187 aES-MaACLjF-16325 bR.21078 c51809d51809 00104070aATENEOMbATENEOMcSPP2d2008-01-17eSCl0oF-16325p1054478r2023-02-23 00:00:00w2023-02-23yMONOGRAFIA